[Event "V Sunway Sitges Open 2018"]
[Site "Sitges"]
[Date "2018.12.16"]
[Round "3"]
[White "Garriga Cazorla, Pere"]
[Black "Nihal, Sarin"]
[Result "0-1"]
[WhiteElo "2448"]
[BlackElo "2576"]
[Annotator "TA"]
[PlyCount "86"]
[EventDate "2018.12.14"]
[EventType "swiss"]
[EventCountry "ESP"]
[SourceTitle "playchess.com"]
[Source "ChessBase"]
[SourceQuality "1"]

{[%evp 31,86,0,0,0,0,0,42,0,0,14,62,-25,0,0,0,0,0,-20,0,0,9,0,0,0,0,0,0,0,0,-8,-16,-15,-10,-18,-10,-67,-71,-81,-72,-85,-82,-264,-255,-593,-583,-547,-545,-995,-955,-29970,-5410,-29986,-29987,-29987,-29988,-29988,-29989]} 1. d4 d5 2. c4 c6 3. Nf3 Nf6 4. Nc3 e6 5. e3 Nbd7 6. Qc2 Bd6 7. Bd3 O-O 8. O-O dxc4 9. Bxc4 b5 10. Be2 Bb7 11. e4 e5 12. dxe5 {D46: Semi-Slav: 5 e3 Nbd7 6 Bd3, Black avoids the Meran} Nxe5 13. Nd4 (13. Nh4 Bc8 14. h3 Ng6 15. Nf5 Bxf5 16. exf5 Nf4 17. Bf3 Rc8 18. Rd1 Qe7 19. Be3 Rfd8 {1-0 (56) Aronian,L (2793)-Giri,A (2771) Leuven 2017}) 13... Neg4 14. g3 Bc5 15. Nf5 Re8 16. Bxg4 Nxg4 {LiveBook: 5 Games} 17. Bf4 Qf6 18. Rad1 $146 ({Predecessor:} 18. h3 Ne5 19. Kg2 b4 {1-0 (51) Chiku Ratte,O (2278)-Chen,R (2312) Montreal 2018}) 18... Rad8 19. h3 {[#] And now Rxd8 would win.} Ne5 20. Rxd8 Rxd8 21. Rd1 (21. Nd5 $1 $14 cxd5 22. Qxc5 (22. Bxe5 Bxf2+ 23. Qxf2 Qxe5 $15) 22... Nf3+ {[%mdl 64] Discovered Attack} 23. Kg2 dxe4 24. Qc7) 21... Nf3+ 22. Kg2 Nd4 23. Nxd4 Bxd4 24. Qc1 c5 25. f3 {[#] aiming for Bg5.} Qc6 26. g4 b4 27. Ne2 Bf6 28. Rxd8+ Bxd8 29. Be3 Be7 $36 {[%mdl 2048] Black has the initiative.} 30. b3 a5 31. Nf4 Ba6 32. Nd5 Bf8 33. a3 (33. Qb2 $11) 33... c4 $15 34. axb4 axb4 35. bxc4 Qxc4 36. Qa1 $2 (36. Qxc4 $17 Bxc4 37. f4) 36... Bb7 $19 37. Qe5 $2 (37. Qd1 {is more resistant.}) 37... Bxd5 38. exd5 Qe2+ 39. Kg3 b3 40. d6 b2 41. d7 b1=Q {Black mates.} 42. d8=Q Qbe1+ 43. Kf4 Qh2+ {[%mdl 64] Double Attack. Accuracy: White = 33%, Black = 82%.} 0-1

[Event "V Sunway Sitges Open 2018"]
[Site "Sitges"]
[Date "2018.12.16"]
[Round "3"]
[White "Sadhwani, Raunak"]
[Black "Kelires, Andreas"]
[Result "1-0"]
[WhiteElo "2434"]
[BlackElo "2535"]
[Annotator "TA"]
[PlyCount "89"]
[EventDate "2018.12.14"]
[EventType "swiss"]
[EventCountry "ESP"]
[SourceTitle "playchess.com"]
[Source "ChessBase"]
[SourceQuality "1"]

{[%evp 21,89,16,22,24,10,-8,0,-10,0,-16,-5,-8,6,0,65,69,71,7,45,33,59,41,66,74,87,18,20,-17,0,-15,-32,-20,0,0,8,0,0,0,65,66,67,75,124,99,144,98,79,107,123,87,206,199,189,203,306,306,280,241,243,252,257,254,557,555,544,545,572,561,593,588]} 1. e4 e5 2. Nf3 Nc6 3. Bc4 Nf6 {[%cal Bg8f6,Bf6d5,Bd5f4][%mdl 32]} 4. Ng5 d5 5. exd5 Na5 6. Bb5+ c6 7. dxc6 bxc6 8. Bd3 Nd5 {C58: Two Knights: 4 Ng5 d5 5 exd5 Na5 sidelines} 9. h4 (9. Nf3 Bd6 10. O-O O-O 11. Re1 f5 12. Nxe5 Qf6 13. Nf3 g5 14. g3 f4 15. Nc3 fxg3 16. hxg3 Nxc3 17. dxc3 {½-½ (52) Kovalev,V (2639)-Demchenko,A (2660) Riadh 2017}) 9... Nf4 10. Bf1 h6 11. Ne4 Ne6 {LiveBook: 3 Games} 12. g3 Be7 13. Bg2 O-O 14. d3 f5 15. Ned2 $146 ({Predecessor:} 15. Nec3 Bb7 16. Nd2 {0-1 (39) James,J (2012)-Wastney,S (2350) Wellington 2017}) 15... f4 16. O-O Rb8 17. Ne4 c5 (17... Nd4 $11 18. Re1 fxg3 19. fxg3 h5) 18. Nbd2 $14 Nc6 19. Nf3 (19. Rb1 $16) 19... Ba6 20. b3 Qc7 21. Bb2 Rbe8 22. Re1 Ned4 23. Bxd4 ({White should play} 23. Nfd2 $16) 23... exd4 $11 24. Kh2 Bc8 {Threatens to win with ...Bg4.} 25. Bh3 $1 Bxh3 26. Kxh3 fxg3 27. fxg3 Nb4 $1 28. Nfd2 Qd7+ $1 29. Kh2 Rf5 ({Black should try} 29... Nd5 $11) 30. Rf1 $14 Rxf1 31. Nxf1 Qf5 32. Nfd2 Rf8 33. Nc4 Bd8 34. Qe2 Bc7 35. Kg2 Qd5 {[#]} (35... Qg6 $16) 36. a3 $1 $18 {[%cal Ra3b4]} Nc6 37. Rf1 Re8 (37... Rxf1 {was called for.} 38. Qxf1 (38. Kxf1 Qf7+ 39. Kg2 Qd5 $16) 38... Nb8) 38. Qf3 {Nf6+! is the strong threat.} Kh8 39. Ned6 Re2+ 40. Rf2 Qxf3+ 41. Kxf3 Re3+ $2 {[#]} (41... Re1 {is a better chance.} 42. Ne4 Kh7 43. Nxc5 Ne5+ 44. Nxe5 Bxe5) 42. Nxe3 {White is clearly winning.} dxe3 43. Nf7+ Kg8 44. Kxe3 c4 {next ...Bb6+ is good for Black.} 45. Ke4 {Accuracy: White = 62%, Black = 37%.} 1-0

[Event "V Sunway Sitges Open 2018"]
[Site "Sitges"]
[Date "2018.12.16"]
[Round "3"]
[White "Roy, Prantik"]
[Black "Liang, Awonder"]
[Result "0-1"]
[WhiteElo "2382"]
[BlackElo "2589"]
[Annotator "TA"]
[PlyCount "98"]
[EventDate "2018.12.14"]
[EventType "swiss"]
[EventCountry "ESP"]
[SourceTitle "playchess.com"]
[Source "ChessBase"]
[SourceQuality "1"]

{[%evp 12,97,0,0,32,-19,0,0,-5,-11,-10,-18,-17,-47,-52,-133,-133,-139,-130,-131,-106,-122,-104,-98,-95,-95,-75,-74,-47,-41,-52,-45,-39,-44,-51,-44,-10,-14,-10,-14,-15,-142,-146,-171,-172,-242,-233,-402,-397,-397,-389,-408,-402,-402,-395,-388,-381,-381,-341,-327,-320,-422,-420,-398,-330,-534,-523,-531,-508,-1386,-1386,-1373,-1368,-1304,-1067,-1298,-523,-29977,-29978,-29978,-29979,-29979,-29980,-29980,-29981,-29981,-29981,-29999]} 1. d4 Nf6 2. Bg5 d5 3. Bxf6 exf6 4. e3 Bd6 5. c4 dxc4 6. Bxc4 O-O 7. Nf3 {LiveBook: 29 Games. D00: 1 d4 d5: Unusual lines} (7. Nc3 Nd7 8. Nge2 f5 9. O-O Nf6 10. Rc1 c6 11. a3 Qe7 12. Qc2 Be6 13. Bxe6 Qxe6 14. h3 Rfe8 15. Rfd1 Rad8 {½-½ (61) Adams,M (2744)-Hebden,M (2467) London 2016}) 7... c5 8. d5 ({White should try} 8. dxc5 $14 Bxc5 9. Qc2) 8... Nd7 9. Nc3 {The position is equal.} a6 $146 ({Predecessor:} 9... f5 10. Qc2 a6 11. Bd3 g6 12. a4 Ne5 13. Nxe5 Bxe5 14. Bc4 Rb8 {½-½ (14) Honos,A (2323)-Harmatosi,J (2252) Hungary 2006}) 10. a4 f5 11. Qc2 f4 12. O-O fxe3 13. Rae1 {[#]} ({White should play} 13. fxe3 $15 f5 14. g3) 13... exf2+ $1 $17 14. Qxf2 Nf6 15. Qh4 Bf5 16. Ne5 Bxe5 17. Rxe5 Bg6 18. Rfe1 Qd6 19. Re7 Rae8 20. Rxb7 Rxe1+ 21. Qxe1 Qf4 22. Bxa6 Ng4 23. g3 Qd4+ {[%mdl 1024] Black has compensation.} 24. Kh1 Nf2+ 25. Kg2 Ne4 $36 {[%mdl 2048] White must now prevent ...Nxc3. Black has good play.} 26. Re7 (26. Be2 $11 {remains equal.}) 26... Qf6 27. Rxe4 Bxe4+ 28. Nxe4 (28. Qxe4 $142 Qxa6 29. b3) 28... Qxa6 $19 29. Nxc5 $2 $17 {[%mdl 4096] Endgame KQR-KQN} (29. Nc3 {was worth a try.}) 29... Qc4 $19 30. b4 Qxd5+ 31. Kf2 Qa2+ 32. Qe2 Qb1 33. Qe4 Qb2+ 34. Kf3 Rb8 35. Nd3 Qxh2 36. a5 Qh1+ 37. Ke3 Qa1 38. Qc6 $2 (38. Qe7 {keeps fighting.}) 38... Rd8 {[#] ( -> ...Qd4+)} 39. Qc4 Qd1 40. a6 (40. Qe4 $142) 40... Re8+ 41. Kd4 Qa1+ 42. Kd5 Qf6 43. b5 h5 (43... Qf5+ $142 44. Kd4 Re4+ {[%mdl 64] Skewer} 45. Kc3 Rxc4+ 46. Kxc4 Qe4+ 47. Kc3 Qa4) 44. Qf4 {Strongly threatening Qxf6.} Qc3 {Black mates.} 45. Nc5 Rd8+ 46. Kc6 Rc8+ 47. Kb7 Qxc5 48. a7 Re8 49. b6 Qc8# {Accuracy: White = 43%, Black = 80%.} 0-1

[Event "V Sunway Sitges Open 2018"]
[Site "Sitges"]
[Date "2018.12.16"]
[Round "3"]
[White "Baghdasaryan, Vahe"]
[Black "Santos Latasa, Jaime"]
[Result "0-1"]
[WhiteElo "2376"]
[BlackElo "2584"]
[Annotator "TA"]
[PlyCount "56"]
[EventDate "2018.12.14"]
[EventType "swiss"]
[EventCountry "ESP"]
[SourceTitle "playchess.com"]
[Source "ChessBase"]
[SourceQuality "1"]

{[%evp 13,56,-18,-20,-46,-27,-43,-16,-32,-25,-60,-50,-84,-52,-152,-107,-110,-107,-108,-111,-200,-210,-237,-231,-259,-243,-530,-469,-743,-727,-868,-432,-948,-951,-878,-878,-878,-870,-1002,-981,-991,-961,-991,-990,-983,-962]} 1. e4 e5 2. Nf3 Nc6 3. Bc4 Bc5 4. b4 Bxb4 5. c3 Bc5 6. d4 exd4 7. cxd4 Bb6 {LiveBook: 4 Games. C51: Evans Gambit: Declined and Accepted without 5...Ba5} (7... Bb4+ 8. Kf1 Qe7 9. e5 d5 10. Bxd5 Bd7 11. Qb3 O-O-O 12. a3 Ba5 13. Nc3 Bg4 14. Be3 Bb6 15. h3 Bh5 16. g4 {1-0 (38) Bajarani,U (2474)-Ismayilov,G (2308) Zolochiv 2017}) 8. Bb2 {d5 is the strong threat.} Na5 9. Bd3 $146 ({Predecessor:} 9. Bxf7+ Kxf7 10. Ne5+ Kf8 11. f4 Nf6 12. Nd2 d6 13. Rf1 Bxd4 14. Bxd4 dxe5 15. Bc5+ {1-0 (30) Barnett,J-Johnson,W New York,NY (New York CC) 1866}) 9... Ne7 {Black is slightly better.} 10. d5 O-O 11. Qc2 d6 12. Nc3 c6 13. e5 (13. Na4 $15) 13... h6 14. exd6 Nxd5 15. Nxd5 cxd5 16. Qc3 {[#]} (16. O-O $17) 16... Re8+ $1 $19 17. Kf1 {[%csl Gb2][%cal Rc3g7]} f6 18. Bg6 Re6 19. Ng5 $2 (19. Qd3 {might work better.}) 19... hxg5 {Black is clearly winning.} 20. Qf3 (20. g4 $142 Bxf2 21. Kxf2) 20... Nc4 21. Rd1 Bd7 ({Not} 21... Nxb2 {[#]} 22. Qh5 $1 {[%mdl 512]} Rxd6 23. Qh7+ Kf8 24. Qh8+ Ke7 25. Qxg7+ Ke6 26. Re1+ Be3 27. Rxe3#) (21... Qxd6 $142 22. Ba1 Bd7) 22. Qxd5 (22. Qh5 $142 Nd2+ 23. Rxd2 Bb5+ 24. Rd3 Bxd3+ 25. Bxd3 Qxd6 26. Bf5) 22... Nxb2 23. Re1 Qc8 {Hoping for ...Kh8.} 24. Bf5 Kf7 25. h4 Qc4+ 26. Qxc4 Nxc4 27. Bxe6+ Bxe6 28. hxg5 fxg5 {Accuracy: White = 21%, Black = 74%.} 0-1

[Event "V Sunway Sitges Open 2018"]
[Site "Sitges"]
[Date "2018.12.16"]
[Round "3"]
[White "Pogorelov, Ruslan"]
[Black "Xu, Xiangyu"]
[Result "1/2-1/2"]
[WhiteElo "2354"]
[BlackElo "2565"]
[Annotator "TA"]
[PlyCount "88"]
[EventDate "2018.12.14"]
[EventType "swiss"]
[EventCountry "ESP"]
[SourceTitle "playchess.com"]
[Source "ChessBase"]
[SourceQuality "1"]

{[%evp 19,88,0,0,-8,0,0,0,0,0,0,0,0,0,0,0,0,0,0,0,0,0,0,0,0,0,0,0,0,0,0,0,0,0,0,0,0,0,0,0,0,0,0,0,0,0,0,0,0,0,0,0,0,0,0,0,0,0,0,0,0,0,0,0,0,0,0,0,0,0,0,274]} 1. Nf3 g6 2. d4 Nf6 3. c4 Bg7 4. Nc3 d5 5. cxd5 Nxd5 6. e4 Nxc3 7. bxc3 c5 8. Be3 O-O 9. Be2 Qa5 10. Bd2 {D85: Exchange Grünfeld: Unusual White 7th moves and lines with 7 Nf3} (10. Nd2 Qxc3 11. Rc1 Qa3 12. Rxc5 Nc6 13. Rc4 Qd6 14. d5 Ne5 15. Rc1 e6 16. Bc5 Qd8 17. Bxf8 Qxf8 {1-0 (53) Mamedyarov,S (2799)-Nepomniachtchi,I (2729) Riadh 2017}) 10... Bg4 {LiveBook: 50 Games. The position is equal.} 11. a4 cxd4 $146 ({Predecessor:} 11... Rd8 12. Rb1 Qc7 13. d5 Nd7 14. O-O b6 15. h3 Bxf3 16. Bxf3 Re8 {½-½ (45) Rosenfield,C (2380)-Kissinger,S USA 1998}) 12. cxd4 Qd8 13. Be3 Nc6 14. d5 Bxa1 15. Qxa1 Nb4 16. Qb2 Bxf3 17. gxf3 a5 $1 18. Bh6 {[%csl Gh6][%cal Rb2g7] [#]} f6 19. Bxf8 Kxf8 20. O-O Rc8 {Strongly threatening ...Rc2.} 21. Rc1 Rc7 22. Qd2 Kg7 23. Kg2 Qc8 24. Rxc7 Qxc7 25. f4 b6 26. Bb5 Qc5 27. Qe3 Qd6 28. Qc1 Na2 29. Qc4 Nb4 30. Qc1 Kh6 31. h4 f5 32. f3 Qf6 33. e5 Qxh4 34. Qd2 {[#]} Nxd5 $1 {[%mdl 512]} 35. Qxd5 Qxf4 36. Kf2 Kg5 37. Qe6 Qd4+ 38. Kg2 Kf4 {Threatens to win with ...Qb2+.} 39. Qxe7 {Black must now prevent e6.} Qd2+ 40. Kh3 g5 {( -> ...g4+)} 41. Qf7 {Threatening Qc4+.} g4+ 42. fxg4 Qe3+ 43. Kg2 {[%csl Gg4][%cal Rf7f5]} Qf3+ 44. Kh2 Kxe5 $2 {[%mdl 40960] Accuracy: White = 85%, Black = 90%. . An unexpected result.} (44... Qf2+ $11 {and Black stays safe.} 45. Kh1 Qf3+ 46. Kh2 Qg3+ 47. Kh1 Qf3+ 48. Kh2) 1/2-1/2

[Event "V Sunway Sitges Open 2018"]
[Site "Sitges"]
[Date "2018.12.16"]
[Round "3"]
[White "Lillo Castany, Victor"]
[Black "Santos Ruiz, Miguel"]
[Result "0-1"]
[WhiteElo "2336"]
[BlackElo "2523"]
[Annotator "TA"]
[PlyCount "82"]
[EventDate "2018.12.14"]
[EventType "swiss"]
[EventCountry "ESP"]
[SourceTitle "playchess.com"]
[Source "ChessBase"]
[SourceQuality "1"]

{[%evp 19,82,9,7,0,0,0,17,-25,-25,-29,-24,-26,-18,-15,0,-9,-13,-8,0,0,0,0,0,4,18,0,21,12,8,14,9,7,12,13,4,0,3,0,0,0,4,9,9,-40,-41,-41,38,-18,-19,-8,-37,-164,-177,-125,-90,-375,-371,-378,-372,-398,-397,-400,-385,-404,-393]} 1. e4 c5 2. Nf3 d6 3. Bb5+ Nd7 4. O-O a6 5. Bd3 Ngf6 6. Re1 {B51: Sicilian: Moscow Variation (3 Bb5+) without 3...Bd7} e6 7. c3 b5 8. Bc2 c4 9. a4 Bb7 10. d4 cxd3 {LiveBook: 17 Games} 11. Bxd3 bxa4 12. Qxa4 Be7 13. h3 $146 O-O 14. Be3 Qc7 15. Nbd2 {[%cal Bb1d2,Bd2b3,Bb3d4][%mdl 32]} a5 16. Qc2 Nc5 17. Bxc5 Qxc5 18. Nb3 Qc7 19. Ra2 Bc6 20. Rea1 {[%cal Rb3a5]} a4 21. Nbd4 Bd7 22. Bb5 Bxb5 23. Nxb5 Qc6 24. Nfd4 Qxe4 25. Qxe4 Nxe4 26. Rxa4 Rxa4 27. Rxa4 {Black must now prevent Nc6.} d5 28. f3 Nc5 29. Ra7 Bf6 30. b4 Nd3 31. Rb7 Ra8 32. Na7 $1 e5 (32... g6 $15 33. Ndb5 d4 $1 {[%mdl 512]} 34. Nxd4 Nxb4) 33. Ndc6 (33. Ndb5 $14) 33... e4 $11 34. fxe4 dxe4 35. Nd4 {[#]} (35. Kf1 $1 $15) 35... Bxd4+ $1 $19 36. cxd4 {[%mdl 4096] Endgame KRN-KRN} Re8 {And now ...e3 would win.} 37. Nb5 $2 {[%mdl 8192] [#]} (37. Nc6 $17) 37... e3 $1 {[%cal Re3e2] Hoping for ...e2.Black is winning.} 38. Nc3 Nf4 39. d5 e2 40. Nxe2 Nxe2+ 41. Kf2 Nc3 {Accuracy: White = 38%, Black = 85%.} 0-1

[Event "V Sunway Sitges Open 2018"]
[Site "Sitges"]
[Date "2018.12.16"]
[Round "3"]
[White "Vaishali R"]
[Black "Indjic, Aleksandar"]
[Result "0-1"]
[WhiteElo "2329"]
[BlackElo "2620"]
[Annotator "TA"]
[PlyCount "62"]
[EventDate "2018.12.14"]
[EventType "swiss"]
[EventCountry "ESP"]
[SourceTitle "playchess.com"]
[Source "ChessBase"]
[SourceQuality "1"]

{[%evp 19,62,9,49,0,-4,-29,-37,-29,-29,-110,0,-6,-17,-19,-10,-23,-19,-22,-18,-23,-3,-5,-13,-22,-28,-59,-71,-59,-61,-214,-129,-269,-267,-277,-214,-209,-70,-324,-336,-389,-419,-1670,-1668,312,-1264]} 1. e4 c6 2. d4 d5 3. exd5 cxd5 4. Bd3 Nc6 5. c3 Qc7 6. Ne2 Bg4 7. O-O {B13: Caro-Kann: Exchange Variation and Panov-Botvinnik Attack} e6 8. Qe1 Nf6 9. f3 Bh5 10. Qh4 Rg8 {LiveBook: 3 Games} 11. Bg5 ({White should try} 11. Bxh7 $14 Nxh7 12. Qxh5) 11... Bg6 $11 12. Nf4 Bd6 $146 ({Predecessor:} 12... Be7 13. Nxg6 hxg6 14. Na3 a6 {0-1 (78) Tarjan,J (2406)-Dreev,A (2651) chess.com INT 2017}) 13. Na3 a6 14. c4 (14. Rad1 $11 {remains equal.}) 14... Bxd3 (14... Nxd4 $17 15. Nxg6 hxg6) 15. Nxd3 Bxa3 16. cxd5 {[#]} Bxb2 $1 {[%mdl 512]} 17. Nxb2 Nxd5 {White must now prevent ...h6.} 18. Qxh7 Kf8 19. Nd3 Nxd4 {[%cal Bc6d4,Bd4f5,Bf5e7][%mdl 32] aiming for ...f6.} 20. Kh1 Nf5 21. Rac1 Qd6 {And now ...Nf6 would win.} 22. Rfd1 f6 {[%cal Bf7f6,Bf6g5][%mdl 32]} 23. Nf4 Nfe7 $36 {[%mdl 2048] Black has some pressure.} ({Inferior is} 23... fxg5 24. Nxd5 Rd8 {[#]} 25. Ne3 $1 $16 {[%mdl 512]}) 24. Qe4 $2 (24. Nxd5 $15 Nxd5 25. Bh4) 24... Kf7 ({Resist} 24... fxg5 25. Nxe6+ Kf7 26. Nxg5+ Ke8 27. Rd4 $17) 25. Re1 (25. Nxd5 $17 Nxd5 26. Bh4) 25... Rh8 $19 ({Don't play} 25... fxg5 26. Nxe6 Rh8 27. Nxg5+ Kg8 28. Qe5 $19) 26. h3 fxg5 27. Nxe6 Qg3 (27... Rh6 $19 28. Nxg5+ Kg8) 28. Re2 $2 {[%mdl 8192]} (28. Qd4 $1 $15 Nf6 29. Re5) 28... Rh4 29. f4 gxf4 30. Nc7 (30. Nd4 $142 Qg6 31. Qf3) 30... Rah8 {( -> ...Rxh3+!)} (30... f3 $2 31. Qe6+ Kf8 32. Nxd5 $19) 31. Qe6+ Kf8 {Accuracy: White = 29%, Black = 63%.} 0-1

[Event "V Sunway Sitges Open 2018"]
[Site "Sitges"]
[Date "2018.12.16"]
[Round "3"]
[White "Ortega Ruiz, Jose Miguel"]
[Black "Sosa, Tomas"]
[Result "0-1"]
[WhiteElo "2298"]
[BlackElo "2488"]
[Annotator "TA"]
[PlyCount "104"]
[EventDate "2018.12.14"]
[EventType "swiss"]
[EventCountry "ESP"]
[SourceTitle "playchess.com"]
[Source "ChessBase"]
[SourceQuality "1"]

{[%evp 23,104,0,14,33,23,21,8,16,39,15,24,28,54,22,43,10,16,31,10,0,8,-41,-37,-61,-58,-45,-20,-14,-16,-10,8,15,34,16,43,-320,-314,-298,-170,-197,-114,-175,-169,-120,-48,-48,-48,-48,-48,-48,-48,-50,23,0,0,0,0,0,0,0,0,0,0,-7,0,-183,-183,-186,0,-395,-280,-355,-344,-514,-397,-394,-393,-391,-387,-407,-367,-29992,-29993]} 1. d4 Nf6 2. c4 c5 3. d5 b5 4. Nf3 g6 5. cxb5 a6 6. b6 Bg7 7. Nc3 d6 8. e4 Nbd7 9. a4 {[%cal Ba2a4,Ba4a5][%mdl 32] A57: Benko/Volga Gambit} Nxb6 (9... Qxb6 10. a5 Qc7 11. Be2 O-O 12. O-O Rb8 13. Nd2 Rb4 14. Nc4 Re8 15. Re1 Bb7 16. Bf4 Nh5 {0-1 (85) Kuzubov,Y (2699)-Jumabayev,R (2612) Riadh 2017}) 10. a5 Nbd7 11. Nd2 O-O 12. Be2 Ne8 {[%cal Bf6e8,Be8c7,Bc7b5,Bb5d4][%mdl 32] LiveBook: 3 Games} 13. Nc4 Nc7 14. O-O Nb5 15. Na4 Nd4 16. Ra3 $146 ({Predecessor:} 16. Rb1 Rb8 17. Nab6 Nxb6 18. Nxb6 e6 19. Bc4 exd5 20. Bxd5 {0-1 (59) Padeiro,J (2307)-Martinez Duany,L (2510) Famalicao 2016}) 16... Ra7 17. Be3 Nb5 18. Rb3 Nf6 19. f3 e6 20. dxe6 Bxe6 21. Nab6 Nd7 22. Nd5 Nd4 23. Rd3 {[%cal Re3d4]} Bxd5 $1 24. exd5 Ne5 25. Rxd4 cxd4 26. Bxd4 {Threatens to win with Nxe5.} Re7 {Hoping for ...Nxc4.} 27. Nb6 Qc7 28. Bxa6 {Black should prevent Bb5.} Qa7 29. f4 $2 {[%mdl 8192]} (29. Nc8 $1 $14 {was forced to keep a grip.} Nxf3+ 30. Kh1 Nxd4 31. Nxa7 Rxa7 32. Bc4 Rxa5 33. Qd2) 29... Qxa6 $19 30. fxe5 Bxe5 (30... Qxa5 $142 31. exd6 Re1 $1 {[%mdl 512]} 32. Rxe1 Bxd4+ 33. Kh1 Bf2) 31. b4 Qb5 (31... f5 $19 32. Bxe5 Rxe5) 32. Bxe5 (32. h3 $17) 32... Rxe5 33. Qd4 Rfe8 ({Better is} 33... f5 $17 {White must now prevent ...Re4.} 34. Qf4 Rd8) 34. Qc4 $15 Qxc4 {[%mdl 64] Overworked Piece} 35. Nxc4 Rxd5 {[%mdl 4096] Endgame KRR-KRN} 36. a6 Rd4 37. Rc1 {Strongly threatening b5.} d5 (37... Rc8 $15 38. b5 d5) 38. Nd6 Rd8 39. Nb7 $1 {[%cal Rb7d8]} Ra8 40. b5 Rb4 41. Nd6 $1 Kg7 42. Rc6 Rb2 43. Kf1 $1 d4 44. Rc4 $2 {[#]} (44. Ke1 $1 $11) 44... d3 $1 $19 45. Rd4 {[#]} d2 $2 (45... Rb3 $1 $19 {...Kf6 is the strong threat.} 46. Kf2 Kf6) 46. h3 $2 {[%mdl 8192]} (46. Ke2 $11 {and White is okay.}) 46... Kf6 47. Ke2 Ke6 48. Ne8 (48. h4 {was worth a try.}) 48... Ra7 ({Not} 48... Rxe8 $2 49. Re4+ Kd7 50. Rxe8 $18) 49. Re4+ Kd5 50. Nf6+ Kc5 51. Re5+ Kd6 52. Rg5 $2 (52. Re3 $19) 52... Re7+ {Accuracy: White = 44%, Black = 42%.} 0-1

[Event "V Sunway Sitges Open 2018"]
[Site "Sitges"]
[Date "2018.12.16"]
[Round "3"]
[White "Priyanka, Nutakki"]
[Black "Stella, Andrea"]
[Result "0-1"]
[WhiteElo "2293"]
[BlackElo "2503"]
[Annotator "TA"]
[PlyCount "80"]
[EventDate "2018.12.14"]
[EventType "swiss"]
[EventCountry "ESP"]
[SourceTitle "playchess.com"]
[Source "ChessBase"]
[SourceQuality "1"]

{[%evp 19,80,0,-1,-24,-20,-27,-18,-13,-9,-58,-46,-94,-95,-117,-27,-25,-25,-25,-17,-40,-11,-18,-9,-75,-3,-6,-4,-4,-2,-22,-22,-30,-17,-22,-17,-17,-1,-220,-220,-217,-218,-231,-222,-668,-668,-630,-583,-609,-255,-507,-458,-461,-461,-456,-442,-445,-441,-429,-418,-411,-414,-404,-398]} 1. c4 c5 2. Nc3 g6 3. Nf3 Bg7 4. e3 Nf6 5. d4 cxd4 6. exd4 d5 7. cxd5 O-O 8. Qb3 Nbd7 9. Bc4 Nb6 10. O-O Bf5 {LiveBook: 12 Games. B14: Caro-Kann: Panov-Botvinnik Attack with 5...e6 and 5...g6} (10... a5 11. Re1 a4 12. Qb4 Nbxd5 13. Nxd5 Nxd5 14. Bxd5 Qxd5 15. Rxe7 Bg4 16. Qxb7 Bxf3 17. gxf3 Qxd4 18. Rxf7 {1-0 (30) Bortnyk,M (2416)-Kuzubov,Y (2635) Lutsk 2016}) 11. Nh4 Bc2 12. Qxc2 {Black must now prevent Qb3.} Nxc4 {Black has an edge.} 13. Bg5 $146 ({Predecessor:} 13. Qb3 Nb6 14. Nf3 Nfxd5 15. Re1 e6 16. Bg5 Qd6 17. a3 Nxc3 18. bxc3 Rac8 19. a4 Qd5 20. Reb1 Qa5 21. Be7 Rfe8 22. Bb4 Qd5 23. Bc5 {1-0 (60) Lovlu,S (2215)-Shah,A (2035) Kolkata 1996}) 13... Nxd5 14. Nxd5 Qxd5 {[%mdl 64] Double Attack} 15. Bxe7 Rfc8 16. Rac1 Qxd4 (16... Bxd4 17. Qb3 $15) (16... Bh6 $1 $17 {[%cal Rh6c1]} 17. f4 Qxd4+ 18. Qf2 Bg7) 17. b3 $11 Nb6 {[%cal Bc4b6,Bb6d5,Bd5c3][%mdl 32]} 18. Qb1 Nd5 19. Rfd1 Nc3 (19... Qf4 {feels hotter.} 20. g3 Rxc1 21. Rxc1 Qe5 22. Re1 Qc7) 20. Rxd4 Nxb1 21. Rdc4 {[#]} (21. Rxc8+ $1 $11 Rxc8 22. Rd1) 21... Nc3 (21... Rxc4 $1 $17 22. Rxc4 Re8) 22. Rxc8+ $1 Rxc8 23. Kf1 Re8 24. Ba3 Nxa2 25. Rc7 b5 26. Rxa7 b4 27. Bb2 $1 Nc3 28. Ra1 $2 {[#]} (28. Rd7 $11 {and White has nothing to worry.}) 28... Ne4 $1 $19 {[%cal Re4d2]} 29. Bxg7 Nd2+ {[%mdl 64] Double Attack, Zwischenzug} ({And not} 29... Kxg7 30. Nf3 $11) 30. Kg1 Nxb3 ({But not} 30... Kxg7 31. Nf3 $17) 31. Rb1 $2 (31. Rd1 Kxg7 32. Kf1) 31... Nd2 ({Not} 31... Kxg7 32. g3 $15) 32. Rd1 {And now Bd4 would win.} Kxg7 {[%mdl 4096] Endgame KRN-KRN} 33. h3 Nc4 (33... Rd8 $142 34. Re1 b3) 34. Rc1 $2 (34. Rd3) 34... Rc8 35. Rb1 Rb8 36. Rb3 Na5 37. Rb1 b3 {[%cal Bb4b3,Bb3b2][%mdl 32]} 38. Nf3 {White hopes to continue with Nd2.} Nc4 39. Ne1 b2 40. Nd3 Rb3 {Accuracy: White = 41%, Black = 59%.} 0-1